Environmental management systems (Record no. 105821)
[ view plain ]
| 000 -LEADER | |
|---|---|
| fixed length control field | 01018cam a2200241 4500 |
| 001 - CONTROL NUMBER | |
| control field | ##L134859 |
| 008 - FIXED-LENGTH DATA ELEMENTS--GENERAL INFORMATION | |
| fixed length control field | 060907n2006 000 0 eng u |
| 020 ## - INTERNATIONAL STANDARD BOOK NUMBER | |
| International Standard Book Number | 1853839361 |
| 035 ## - SYSTEM CONTROL NUMBER | |
| System control number | (Sirsi) u134859 |
| 041 0# - LANGUAGE CODE | |
| Language code of text/sound track or separate title | eng |
| 050 04 - LIBRARY OF CONGRESS CALL NUMBER | |
| Classification number | 333.72 $2 18 |
| 100 1# - MAIN ENTRY--PERSONAL NAME | |
| Personal name | Tinsley, Stephen |
| 245 00 - TITLE STATEMENT | |
| Title | Environmental management systems |
| Remainder of title | understanding organizational drivers and barriers |
| 260 ## - PUBLICATION, DISTRIBUTION, ETC. | |
| Place of publication, distribution, etc. | London |
| Name of publisher, distributor, etc. | Earthscan Publications |
| Date of publication, distribution, etc. | 2006 |
| 300 ## - PHYSICAL DESCRIPTION | |
| Extent | xiii, 176p. |
| Dimensions | 24cm. |
| 350 ## - PRICE (NR) (BK AM CF MU VM SE) [OBSOLETE] | |
| Price | 33.20 |
| 520 ## - SUMMARY, ETC. | |
| Summary, etc. | Looks at issues in relation to Environmental Management Systems (EMS). Discusses the background to their development, their implementation and aspects which can hinder their effectiveness. Offers guidance on ways to optimise the benefits gained from EMS and the modelling tools used to judge their effectiveness. Includes case studies. |
| 590 ## - LOCAL NOTE (RLIN) | |
| Local note | IKA031006 |
| 651 #4 - SUBJECT ADDED ENTRY--GEOGRAPHIC NAME | |
| Geographic name | United Kingdom |
| Chronological subdivision | |
| 690 ## - LOCAL SUBJECT ADDED ENTRY--TOPICAL TERM (OCLC, RLIN) | |
| Topical term or geographic name as entry element | ENVIRONMENTAL AND LAND CONSULTANCY-ENVIRONMENTAL MANAGEMENT |
| 700 1# - ADDED ENTRY--PERSONAL NAME | |
| Personal name | Pillai, Ilona |
| 942 ## - ADDED ENTRY ELEMENTS (KOHA) | |
| Suppress in OPAC | 0 |
| Withdrawn status | Lost status | Source of classification or shelving scheme | Damaged status | Not for loan | Home library | Current library | Shelving location | Date acquired | Cost, normal purchase price | Total Checkouts | Full call number | Barcode | Date last seen | Date last checked out | Copy number | Cost, replacement price | Price effective from | Koha item type |
|---|---|---|---|---|---|---|---|---|---|---|---|---|---|---|---|---|---|---|
| Dewey Decimal Classification | London | London | Books | 21/09/2006 | 33.20 | 2 | 333.72 TIN | 30073269 | 06/08/2019 | 05/05/2009 | 1 | 33.20 | 06/08/2019 | Book |